|
|
|
|
| LEADER |
02257nam a22003613i 4500 |
| 001 |
EBC6978376 |
| 003 |
MiAaPQ |
| 005 |
20231204023224.0 |
| 006 |
m o d | |
| 007 |
cr cnu|||||||| |
| 008 |
231204s2017 xx o ||||0 eng d |
| 020 |
|
|
|a 9783110492507
|q (electronic bk.)
|
| 020 |
|
|
|z 9783110487343
|
| 035 |
|
|
|a (MiAaPQ)EBC6978376
|
| 035 |
|
|
|a (Au-PeEL)EBL6978376
|
| 035 |
|
|
|a (OCoLC)1328136076
|
| 040 |
|
|
|a MiAaPQ
|b eng
|e rda
|e pn
|c MiAaPQ
|d MiAaPQ
|
| 100 |
1 |
|
|a Medzini, Meron.
|
| 245 |
1 |
0 |
|a Golda Meir :
|b A Political Biography.
|
| 250 |
|
|
|a 1st ed.
|
| 264 |
|
1 |
|a Berlin/München/Boston :
|b Walter de Gruyter GmbH,
|c 2017.
|
| 264 |
|
4 |
|c {copy}2017.
|
| 300 |
|
|
|a 1 online resource (742 pages)
|
| 336 |
|
|
|a text
|b txt
|2 rdacontent
|
| 337 |
|
|
|a computer
|b c
|2 rdamedia
|
| 338 |
|
|
|a online resource
|b cr
|2 rdacarrier
|
| 505 |
0 |
|
|a Intro -- Preface to the English edition -- Table of Content -- Prologue -- 1 Origins (1898-1906) -- 2 Milwaukee (1906-1921) -- 3 Merhavia (1921-1925) -- 4 Jerusalem (1925-1928) -- 5 Apprenticeship (1928-1939) -- 6 War and Holocaust (1939-1945) -- 7 Towards Independence (1945-1948) -- 8 My Friends, We Are at War (1947-1948) -- 9 Interlude in Moscow (1948-1949) -- 10 The Seven Good Years (1949-1956) -- 11 Ben-Gurion Commands (1953-1956) -- 12 The Sinai War (1956-1957) -- 13 Madam Foreign Minister (1957-1965) -- 14 Ben-Gurion Must Go (1956-1966) -- 15 The Secretary General (1966-1968) -- 16 Madam Prime Minister (1969-1973) -- 17 Into the Abyss (1973) -- 18 I Will Never Forgive Myself (1973) -- 19 Salvage (1973-1974) -- 20 Everything Is Sinking (1974-1978) -- 21 Our Golda Is No More (1978) -- Epilogue -- Bibliography -- Index.
|
| 588 |
|
|
|a Description based on publisher supplied metadata and other sources.
|
| 590 |
|
|
|a Electronic reproduction. Ann Arbor, Michigan : ProQuest Ebook Central, 2023. Available via World Wide Web. Access may be limited to ProQuest Ebook Central affiliated libraries.
|
| 655 |
|
4 |
|a Electronic books.
|
| 776 |
0 |
8 |
|i Print version:
|a Medzini, Meron
|t Golda Meir
|d Berlin/München/Boston : Walter de Gruyter GmbH,c2017
|z 9783110487343
|
| 797 |
2 |
|
|a ProQuest (Firm)
|
| 856 |
4 |
0 |
|u https://ebookcentral.proquest.com/lib/matrademy/detail.action?docID=6978376
|z Click to View
|